Miasta w Libanie - nagła śmierć - Statystyki

Ogólne statystyki
  • Ten quiz został rozwiązany 24 razy
  • Średni wynik to 5 z 11
Answers on the Grid
Answers color-coded by a green-red scale on the quiz's grid according to % correct below.
Luksor
Szkodra
Tabuk
Zenica
Rijad
Tunis
Hajfa
An-Nabatijja
Baalbek
Babda
Bejrut
Byblos
Dżunija
Sydon
Trypolis
Tyr
Zagharta
Zahla
 
Statystyki odpowiedzi
Odpowiedź % Poprawnych
Bejrut
83%
Baalbek
61%
Babda
56%
Sydon
56%
Byblos
50%
An-Nabatijja
44%
Tyr
44%
Trypolis
33%
Zagharta
33%
Zahla
33%
Dżunija
22%
Nie znaleziono quizów pasujących do podanych kryteriów
Rozkład punktacji
Procent ludzi z każdym wynikiem
Percentyl według liczby udzielonych odpowiedzi
Twoja historia wyników
Nie rozwiązałeś tego quizu